000 01722nam0a2200373 4500
001 RU\NLR\bibl\2043664
005 20260408191453.0
021 _aRU
_b2013-27545
035 _a(NLR Aleph) 002030903
035 _a(nilc)RuMoRGB-006563381
090 _a4550000
_c4550000
100 _a20130408d2012 k y0rusy50 ca
101 0 _arus
102 _aRU
105 _ay zzzz|||||
200 1 _aИдея маски в гуманитарной культуре Новейшего времени
_eмонография
_fЕ.Г. Тихомирова
_gМ-во образования и науки Рос. Федерации, Федер. гос. бюджет. образоват. учреждение высш. проф. образования "Рост. гос. строит. ун-т"
210 _aРостов-на-Дону
_cРостовский государственный строительный университет
_d2012
215 _a116 с.
_d21
320 _aБиблиогр.: с. 110-115 (191 назв.)
606 1 _aПатопсихология
_91930629
_3RU\NLR\AUTH\66881498
606 _aМаскировка (психол.)
_92103691
_3RU\NLR\AUTH\661272012
686 1 _aЮ948.4
686 1 _aЮ935.108
700 1 _4070
_7ca
_8rus
_aТихомирова
_bЕ. Г.
_cканд. филос. наук
_gЕкатерина Григорьевна
_9106986
_3RU\NLR\auth\77124061
801 0 _aRU
_bRuMoRKP
_c20130408
_gRCR
801 1 _aRU
_bRuMoRKP
_c20130408
_2rusmarc
801 2 _aRU
_bРГБ
_c20130422
_grcr
801 2 _aRU
_bNLR
_c20130616
_grcr
830 _aавт. раскрыт в кн.
942 _cBOOK
980 _aNBR
980 _aNB